000 00886nas a2200289 4500
001 BR9202211
003 BR-BrBNA
005 20231205092451.0
007 ta
008 230509b bl.|||p| |||| 00| 00por d
040 _aBR-BrBNA
_bpor
_cBiblioteca Nacional de Agricultura
041 _a(Pt)
072 _aH20
100 1 _aKrugner, T.L.
100 1 _aGuerrini, I.A.
100 1 _aAuer, C.G.
245 1 _aSurto epidemico da mancha foliar causada por Cylindrocladium spp e sua relacao com o crescimento de especies/procedencias de Eucalyptus na Regiao de Tucurui, PA
650 _aEUCALIPTO
650 _aDOENCA DE PLANTA
650 _aFUNGO
650 _aMANCHA FOLIAR
650 _aEPIDEMIA
650 _aPARA
773 0 _tIPEF (Brazil)
_xISSN 0100-4557
_g(1990), (no. 43-44) p. 74-78
_wBR9202211
909 _a202311
_bLúcia
_c55
_dLúcia Elande
942 _2AGRIS
_n0
_cANA
999 _c131918
_d131918